[Event "14th Africa-ch"]
[Site "Livingstone ZAM"]
[Date "2018.05.14"]
[Round "3.7"]
[White "Domingos, Catarino"]
[Black "Oatlhotse, Providence"]
[Result "1/2-1/2"]
[WhiteElo "2281"]
[BlackElo "2196"]
[EventDate "2018.05.13"]
[PlyCount "153"]

1.e4 c5 2.Nf3 d6 3.Nc3 Nf6 4.g3 Nc6 5.Bg2 g6 6.d4 cxd4 7.Nxd4 Bd7 8.Nde2 
Bg7 9.O-O O-O 10.b3 Rc8 11.Bb2 a6 12.a4 Na5 13.Nd4 Qb6 14.Rb1 e6 15.Nde2 
Rfd8 16.h3 Be8 17.Qd2 Qc7 18.Nd4 Nc6 19.Nxc6 Bxc6 20.Rfe1 b5 21.axb5 axb5 
22.Na2 d5 23.e5 Nd7 24.Nb4 Bb7 25.f4 Bf8 26.Bd4 Nc5 27.c3 Ne4 28.Bxe4 dxe4
29.Rbd1 e3 30.Rxe3 Bxb4 31.cxb4 Qc6 32.Rd3 Qh1+ 33.Kf2 Qxh3 34.Bc5 Bd5 35.
Qe3 Ra8 36.Ke1 Ra2 37.R1d2 Rda8 38.Rxa2 Rxa2 39.Rd2 Ra1+ 40.Rd1 Qh1+ 41.
Qg1 Rxd1+ 42.Kxd1 Qf3+ 43.Kd2 Qxb3 44.Qe3 Qb2+ 45.Ke1 h5 46.Be7 Qb1+ 47.
Kd2 Qb2+ 48.Ke1 Bc4 49.Bc5 Qc2 50.Bd6 Bb3 51.Bc5 Qd1+ 52.Kf2 Bc4 53.Qe1 
Qc2+ 54.Ke3 Qd3+ 55.Kf2 Kh7 56.Bd6 g5 57.fxg5 Kg6 58.Qc1 Qe2+ 59.Kg1 Bd5 
60.Qf1 Qe3+ 61.Qf2 Qc1+ 62.Qf1 Qxg5 63.Qd3+ Qf5 64.Qxf5+ Kxf5 65.Kf2 Ke4 
66.Bc7 Bc4 67.Bd6 Bd3 68.Bc7 Bc2 69.Bd6 Bd1 70.Bb8 Kd4 71.Bc7 Bg4 72.Bb8 
Bd1 73.Bc7 Kc4 74.Bd6 Kd5 75.Bb8 Ke4 76.Bc7 Bb3 77.Bb8 1/2-1/2

[Event "14th Africa-ch"]
[Site "Livingstone ZAM"]
[Date "2018.05.14"]
[Round "3.8"]
[White "Dimba, James"]
[Black "Chumfwa, Kelvin"]
[Result "1-0"]
[WhiteElo "2044"]
[BlackElo "2279"]
[EventDate "2018.05.13"]
[PlyCount "95"]

1.e4 c5 2.Nc3 a6 3.g3 Nc6 4.Bg2 g6 5.f4 d6 6.Nf3 Bg7 7.d3 e6 8.O-O Nge7 9.
Be3 Nd4 10.Rb1 Nec6 11.Ne2 Nxe2+ 12.Qxe2 O-O 13.g4 f5 14.h3 Nd4 15.Bxd4 
cxd4 16.exf5 exf5 17.Ng5 Kh8 18.Bd5 Qf6 19.Nxh7 Kxh7 20.g5 Qf7 21.Bxf7 
Rxf7 22.h4 Bd7 23.h5 Re8 24.Qh2 Re3 25.Rbe1 Rfe7 26.Rxe3 dxe3 27.c3 Bc6 
28.Qh3 Bb5 29.Re1 Bxd3 30.hxg6+ Kxg6 31.Rxe3 Be4 32.Re2 d5 33.Rh2 Kf7 34.
Qh5+ Kf8 35.Qg6 d4 36.Rd2 d3 37.Kf2 Rd7 38.Ke3 a5 39.Rh2 b5 40.a3 b4 41.
axb4 axb4 42.Qe6 Re7 43.Qc8+ Kf7 44.Kd2 bxc3+ 45.bxc3 Ra7 46.Ke3 Re7 47.
Qc5 Rd7 48.Qb6 1-0

[Event "14th Africa-ch"]
[Site "Livingstone ZAM"]
[Date "2018.05.14"]
[Round "3.9"]
[White "Kandangwe, Joster"]
[Black "Bwalya, Gillan"]
[Result "0-1"]
[WhiteElo "1925"]
[BlackElo "2271"]
[EventDate "2018.05.13"]
[PlyCount "61"]

1.d4 Nf6 2.Nf3 e6 3.g3 c5 4.Bg2 Nc6 5.O-O d5 6.c4 dxc4 7.Qa4 Bd7 8.Qxc4 b5
9.Qd3 Rc8 10.Nc3 c4 11.Qb1 Qb6 12.Be3 Qa5 13.Ne5 Nxe5 14.dxe5 Ng4 15.Bf4 
b4 16.Nd1 Nxe5 17.Qe4 Ng6 18.Ne3 f5 19.Qf3 Be7 20.Rfd1 Qb5 21.Rac1 Bc6 22.
Qh5 Bxg2 23.Nxg2 O-O 24.Bd6 Bxd6 25.Rxd6 Qe5 26.Rd2 b3 27.Qf3 Qa5 28.Rd7 
Ne5 29.Qb7 Nxd7 30.Qxd7 bxa2 31.Qd1 0-1

[Event "14th Africa-ch"]
[Site "Livingstone ZAM"]
[Date "2018.05.14"]
[Round "3.10"]
[White "Talbi, Chafik"]
[Black "Beukes, Dante M."]
[Result "1-0"]
[WhiteElo "2263"]
[BlackElo "1979"]
[EventDate "2018.05.13"]
[PlyCount "71"]

1.d4 Nf6 2.Nf3 g6 3.g3 Bg7 4.Bg2 O-O 5.c4 d6 6.Nc3 c5 7.O-O Nc6 8.dxc5 
dxc5 9.Be3 b6 10.Ne5 Nxe5 11.Bxa8 Bf5 12.Bg2 Nxc4 13.Qxd8 Rxd8 14.Rad1 Re8
15.Bc1 Bc2 16.Rde1 Rd8 17.Bf3 e5 18.e4 Nd2 19.Bxd2 Rxd2 20.Re2 Rxe2 21.
Bxe2 Nxe4 22.Nxe4 Bxe4 23.Rd1 Bc6 24.Rd6 Be4 25.Rd7 Bc6 26.Rxa7 e4 27.b3 
Bd4 28.Bc4 e3 29.fxe3 Bxe3+ 30.Kf1 b5 31.Bxf7+ Kf8 32.Be6 h5 33.Rc7 Be4 
34.Ke2 Bg1 35.h3 Bb1 36.Rf7+ 1-0

[Event "14th Africa-ch"]
[Site "Livingstone ZAM"]
[Date "2018.05.14"]
[Round "3.11"]
[White "Simutowe, Musatwe"]
[Black "Chiona, Richard"]
[Result "1-0"]
[WhiteElo "2201"]
[BlackElo "1900"]
[EventDate "2018.05.13"]
[PlyCount "63"]

1.d4 g6 2.e4 d6 3.Nc3 Bg7 4.Nf3 Nf6 5.Be2 O-O 6.O-O Nc6 7.Bg5 h6 8.Be3 a6 
9.h3 b5 10.a3 Rb8 11.Qd2 Kh7 12.Rad1 e6 13.Rfe1 d5 14.Bd3 b4 15.axb4 Nxb4 
16.e5 Nd7 17.Bf1 f5 18.exf6 Qxf6 19.Nh2 Qf5 20.Rc1 c5 21.dxc5 d4 22.Bxd4 
Bxd4 23.Qxd4 Nxc2 24.Rxc2 Qxc2 25.Bd3 Qb3 26.Qd6 Rf7 27.Rxe6 Nf8 28.Bxg6+ 
Nxg6 29.Rxg6 Bf5 30.Rxh6+ Kg7 31.Ng4 Re8 32.Qd4+ 1-0

[Event "14th Africa-ch"]
[Site "Livingstone ZAM"]
[Date "2018.05.14"]
[Round "3.12"]
[White "Zhemba, Jemusse"]
[Black "Eichab, Charles"]
[Result "1-0"]
[WhiteElo "2123"]
[BlackElo "2029"]
[EventDate "2018.05.13"]
[PlyCount "79"]

1.d4 f5 2.c4 Nf6 3.Nc3 e6 4.g3 Bb4 5.Bg2 O-O 6.Nh3 c6 7.O-O d6 8.Na4 Qe7 
9.a3 Ba5 10.b4 Bc7 11.Qb3 d5 12.Nc5 Nbd7 13.Nd3 Nb6 14.c5 Nc4 15.Ra2 e5 
16.dxe5 Nxe5 17.Nxe5 Bxe5 18.Ng5 Kh8 19.Nf3 Bc7 20.Nd4 Bd7 21.Qd3 Nh5 22.
f4 g6 23.Nf3 Nf6 24.Ne5 Rad8 25.Qd4 Be6 26.h3 Bxe5 27.fxe5 Ne4 28.Bxe4 
fxe4 29.Rf6 Qd7 30.Ra1 Rxf6 31.exf6 Kg8 32.g4 Bxg4 33.hxg4 Qxg4+ 34.Kf2 
Qh3 35.Ke1 e3 36.Qf4 Qh1+ 37.Qf1 Qe4 38.Qh3 Kf8 39.Qf3 Qxf3 40.exf3 1-0

[Event "14th Africa-ch"]
[Site "Livingstone ZAM"]
[Date "2018.05.14"]
[Round "3.13"]
[White "Aderito, Pedro"]
[Black "Hoareau, Benjamin"]
[Result "0-1"]
[WhiteElo "2305"]
[BlackElo "1805"]
[EventDate "2018.05.13"]
[PlyCount "72"]

1.Nf3 c5 2.e4 Nc6 3.Bb5 Nd4 4.Nxd4 cxd4 5.O-O a6 6.Ba4 Qc7 7.d3 Nf6 8.f4 
b5 9.Bb3 Bb7 10.Nd2 e6 11.Kh1 h5 12.Nf3 Bc5 13.Qe1 h4 14.h3 O-O-O 15.Bd2 
Nh5 16.Qxh4 f6 17.e5 g5 18.fxg5 fxe5 19.Qg4 e4 20.Nh4 Ng3+ 21.Kg1 e3 22.
Ba5 Qe5 23.Ng6 Qd6 24.Rf7 Nf5 25.Bxd8 Rxd8 26.h4 Bb6 27.Qh3 Qb4 28.Rxf5 
exf5 29.Qxf5 Qd2 30.Qf1 Bc7 31.Rd1 Qb4 32.Qe2 Qd6 33.Qg4 Qxg6 34.Rf1 Qd6 
35.Qh3 e2 36.Re1 Re8 0-1

[Event "14th Africa-ch"]
[Site "Livingstone ZAM"]
[Date "2018.05.14"]
[Round "3.15"]
[White "Nshikokola, Mutailenu"]
[Black "Kolomwe, William"]
[Result "1-0"]
[WhiteElo "1896"]
[BlackElo "1538"]
[EventDate "2018.05.13"]
[PlyCount "39"]

1.d4 e6 2.Nf3 b6 3.Bf4 Nf6 4.e3 Bb7 5.Nbd2 h6 6.h3 Be7 7.Bd3 d6 8.e4 Nbd7 
9.Bg3 c5 10.e5 dxe5 11.dxe5 Nd5 12.Nc4 O-O 13.O-O Bc6 14.Re1 b5 15.Nd6 c4 
16.Be4 f5 17.Nxf5 Rxf5 18.Bxf5 exf5 19.Nd4 Rc8 20.Nxc6 1-0

[Event "14th Africa-ch"]
[Site "Livingstone ZAM"]
[Date "2018.05.15"]
[Round "4.1"]
[White "Amin, Bassem"]
[Black "Adly, Ahmed"]
[Result "1/2-1/2"]
[WhiteElo "2667"]
[BlackElo "2633"]
[EventDate "2018.05.13"]
[PlyCount "62"]

1.c4 c6 2.d4 d5 3.cxd5 cxd5 4.Nc3 Nc6 5.Nf3 Nf6 6.Bf4 Bf5 7.e3 e6 8.Bd3 
Bxd3 9.Qxd3 Bd6 10.Bxd6 Qxd6 11.O-O O-O 12.Rac1 Rfc8 13.a3 Qd8 14.Rc2 a6 
15.Rfc1 Nd7 16.Na4 Ne7 17.Rxc8 Rxc8 18.Rxc8 Qxc8 19.Qc3 Qxc3 20.Nxc3 Kf8 
21.Kf1 Ke8 22.Ke2 h6 23.Nd2 Nc6 24.f4 f5 25.g3 g6 26.h3 Ke7 27.Nb3 b6 28.
Nc1 Nd8 29.Nd3 Nc6 30.Kd2 Kd6 31.b3 Ne7 1/2-1/2

[Event "14th Africa-ch"]
[Site "Livingstone ZAM"]
[Date "2018.05.15"]
[Round "4.2"]
[White "Paiva, Donaldo"]
[Black "El-Gindy, Essam"]
[Result "1/2-1/2"]
[WhiteElo "2225"]
[BlackElo "2453"]
[EventDate "2018.05.13"]
[PlyCount "61"]

1.d4 Nf6 2.c4 e6 3.Nc3 Bb4 4.Qc2 O-O 5.Nf3 c5 6.dxc5 Na6 7.g3 Nxc5 8.Bg2 
Nce4 9.O-O Bxc3 10.bxc3 Qc7 11.Nd4 d5 12.cxd5 exd5 13.Ba3 Re8 14.Rfc1 Qe5 
15.e3 Bd7 16.Qd3 Rac8 17.Rc2 a6 18.Rac1 b5 19.Bb4 h5 20.a4 a5 21.Bxa5 bxa4
22.Bb4 Qb8 23.Ba3 Rc4 24.Bf1 Rec8 25.f3 Nc5 26.Qd1 Nb3 27.Bxc4 dxc4 28.Rb1
Re8 29.Re2 Qa7 30.h4 Qa8 31.Kg2 1/2-1/2

[Event "14th Africa-ch"]
[Site "Livingstone ZAM"]
[Date "2018.05.15"]
[Round "4.3"]
[White "Fawzy, Adham"]
[Black "Simutowe, Musatwe"]
[Result "1/2-1/2"]
[WhiteElo "2438"]
[BlackElo "2201"]
[EventDate "2018.05.13"]
[PlyCount "94"]

1.e4 c6 2.d4 d5 3.e5 c5 4.dxc5 Nc6 5.Nf3 e6 6.a3 Bxc5 7.b4 Bb6 8.Bb2 Nge7 
9.Bd3 Bd7 10.Nbd2 Ng6 11.g3 Bc7 12.Qe2 Qb8 13.Bxg6 hxg6 14.Nb3 b6 15.h4 
Bd8 16.O-O-O Qb7 17.Ng5 Bxg5+ 18.hxg5 O-O-O 19.Qf3 Rxh1 20.Rxh1 Be8 21.b5 
Na5 22.Nxa5 bxa5 23.a4 d4 24.Qxb7+ Kxb7 25.Rh8 a6 26.Bxd4 axb5 27.axb5 Rc8
28.Rf8 Bxb5 29.Rxf7+ Rc7 30.Rf8 Bd3 31.c3 a4 32.Kb2 Bc4 33.f4 Rc8 34.Rxc8 
Kxc8 35.Ka3 Bb3 36.Kb4 Kd7 37.Bc5 Bc2 38.c4 Bd3 39.Bf8 a3 40.Kxa3 Bxc4 41.
Kb4 Be2 42.Kc5 Bg4 43.Bxg7 Bf5 44.Bf8 Bg4 45.Bd6 Bf5 46.Kd4 Bg4 47.Ke4 Ke8
1/2-1/2

[Event "14th Africa-ch"]
[Site "Livingstone ZAM"]
[Date "2018.05.15"]
[Round "4.4"]
[White "Dimba, James"]
[Black "Hesham, Abdelrahman"]
[Result "0-1"]
[WhiteElo "2044"]
[BlackElo "2413"]
[EventDate "2018.05.13"]
[PlyCount "102"]

1.e4 e5 2.Nf3 Nc6 3.d4 exd4 4.Bc4 Nf6 5.e5 d5 6.Bb5 Ne4 7.Nxd4 Bd7 8.Bxc6 
bxc6 9.O-O Bc5 10.f3 Ng5 11.f4 Ne4 12.Be3 Bb6 13.Nc3 c5 14.Nb3 c4 15.Bxb6 
Nxc3 16.bxc3 axb6 17.Nd4 c5 18.e6 Bxe6 19.Nxe6 fxe6 20.Qh5+ g6 21.Qe5 Kd7 
22.Rfe1 Re8 23.a4 Kc6 24.Reb1 Qc7 25.Qf6 Qd6 26.g3 Rf8 27.Qg7 Qc7 28.Qh6 
Rf5 29.Qh3 Qg7 30.Re1 e5 31.Rab1 e4 32.Qh4 h5 33.Re3 Qf6 34.Qh3 Rxa4 35.
Qg2 Ra8 36.h4 Qe6 37.Qe2 Rf7 38.Qe1 Rfa7 39.Kh2 Ra2 40.Qe2 R8a3 41.Kg2 Ra1
42.Re1 R3a2 43.Qd2 Rxe1 44.Rxe1 Qf5 45.Re2 Qg4 46.Rf2 Ra1 47.Qe2 Qxe2 48.
Rxe2 Kd6 49.Rf2 Ke6 50.Re2 Rd1 51.f5+ gxf5 0-1

[Event "14th Africa-ch"]
[Site "Livingstone ZAM"]
[Date "2018.05.15"]
[Round "4.5"]
[White "Bwalya, Gillan"]
[Black "Kayonde, Andrew"]
[Result "0-1"]
[WhiteElo "2271"]
[BlackElo "2394"]
[EventDate "2018.05.13"]
[PlyCount "68"]

1.e4 d6 2.d4 Nf6 3.Nc3 g6 4.h3 Bg7 5.Nf3 O-O 6.Be3 a6 7.Bd3 b5 8.O-O Bb7 
9.a3 e6 10.Nd2 e5 11.dxe5 dxe5 12.b4 Nc6 13.Nb3 Nd4 14.Nc5 Bc6 15.f3 Nd7 
16.Bxd4 exd4 17.Nxd7 Qxd7 18.Ne2 a5 19.Rb1 axb4 20.axb4 Ra4 21.Qd2 Rfa8 
22.f4 Qe7 23.Ng3 Bf8 24.f5 Rxb4 25.Rxb4 Qxb4 26.Qxb4 Bxb4 27.Rb1 Bc3 28.
Ne2 b4 29.fxg6 hxg6 30.Kf2 Bd7 31.Nf4 c5 32.Nd5 Kf8 33.Nxc3 dxc3 34.Ke3 
Bc6 0-1

[Event "14th Africa-ch"]
[Site "Livingstone ZAM"]
[Date "2018.05.15"]
[Round "4.6"]
[White "Mabusela, Johannes Manyesi"]
[Black "Chitumbo, Mwali"]
[Result "1/2-1/2"]
[WhiteElo "2260"]
[BlackElo "2322"]
[EventDate "2018.05.13"]
[PlyCount "28"]

1.d4 Nf6 2.c4 e6 3.Nc3 Bb4 4.Qc2 O-O 5.a3 Bxc3+ 6.Qxc3 b6 7.Bg5 Bb7 8.f3 
d5 9.e3 Nbd7 10.Rc1 Rc8 11.Ra1 Ra8 12.Rc1 Rc8 13.Ra1 Ra8 14.Rc1 Rc8 
1/2-1/2

[Event "14th Africa-ch"]
[Site "Livingstone ZAM"]
[Date "2018.05.15"]
[Round "4.7"]
[White "Oussedik, Mahfoud"]
[Black "Talbi, Chafik"]
[Result "1/2-1/2"]
[WhiteElo "2327"]
[BlackElo "2263"]
[EventDate "2018.05.13"]
[PlyCount "88"]

1.d4 Nf6 2.c4 e6 3.Nf3 d5 4.g3 Be7 5.Bg2 O-O 6.O-O dxc4 7.Ne5 c5 8.dxc5 
Qc7 9.Nxc4 Qxc5 10.Nbd2 Rd8 11.b4 Qh5 12.a3 Nc6 13.e3 Qxd1 14.Rxd1 Nd5 15.
Bb2 b5 16.Ne5 Nxe5 17.Bxe5 f6 18.Bb2 a5 19.bxa5 Rxa5 20.Nb3 Ra4 21.Nd4 Bd7
22.Nf5 exf5 23.Bxd5+ Kf8 24.Bb3 Ra6 25.Rd3 Rd6 26.Rxd6 Bxd6 27.a4 bxa4 28.
Bxa4 Bxa4 29.Rxa4 Ke7 30.Ra5 Ke6 31.Ra6 Ke7 32.h4 h5 33.Kg2 Kf7 34.Kf3 Rd7
35.Ra5 Kg6 36.Rd5 Rb7 37.Bxf6 Bxg3 38.Kxg3 gxf6 39.Rd8 Rb4 40.Rd4 Rb1 41.
Rd2 Rb4 42.Rd4 Rb1 43.f3 Rb3 44.Kf2 Ra3 1/2-1/2

[Event "14th Africa-ch"]
[Site "Livingstone ZAM"]
[Date "2018.05.15"]
[Round "4.8"]
[White "Phiri, Richmond"]
[Black "Domingos, Catarino"]
[Result "1-0"]
[WhiteElo "2317"]
[BlackElo "2281"]
[EventDate "2018.05.13"]
[PlyCount "79"]

1.d4 Nf6 2.Nf3 e6 3.g3 d5 4.Bg2 c5 5.c4 dxc4 6.O-O Nc6 7.dxc5 Qxd1 8.Rxd1 
Bxc5 9.Nbd2 c3 10.bxc3 O-O 11.Nb3 Be7 12.Nfd4 Bd7 13.Bg5 Nxd4 14.cxd4 h6 
15.Bxf6 Bxf6 16.Bxb7 Rab8 17.Nc5 Bb5 18.e3 Be7 19.Bf3 Rfc8 20.Rab1 Bc4 21.
Rxb8 Rxb8 22.a4 a5 23.Rc1 Rb4 24.Bc6 Bd8 25.Nd7 f6 26.Nc5 Kf7 27.Nb7 Ke7 
28.e4 Bc7 29.Bb5 Bxb5 30.Rxc7+ Bd7 31.d5 exd5 32.exd5 Rd4 33.d6+ Ke6 34.f4
Bxa4 35.Re7+ Kf5 36.Nc5 Bc6 37.d7 a4 38.Rxg7 h5 39.h3 Rd6 40.g4+ 1-0

[Event "14th Africa-ch"]
[Site "Livingstone ZAM"]
[Date "2018.05.15"]
[Round "4.9"]
[White "Oatlhotse, Providence"]
[Black "Khetho, Phemelo"]
[Result "1/2-1/2"]
[WhiteElo "2196"]
[BlackElo "2153"]
[EventDate "2018.05.13"]
[PlyCount "81"]

1.c4 f5 2.g3 Nf6 3.Bg2 e6 4.Nf3 Be7 5.O-O O-O 6.d3 d6 7.Nc3 Qe8 8.b4 Qh5 
9.a4 a5 10.Nb5 Na6 11.bxa5 c6 12.Nbd4 e5 13.Nb3 e4 14.Nfd4 c5 15.Nb5 Be6 
16.f3 d5 17.cxd5 Bxd5 18.Nc3 Bc6 19.Nd2 exd3 20.exd3 Rad8 21.Nc4 Nd5 22.
Bb2 f4 23.Qe2 Bf6 24.g4 Nxc3 25.Bxc3 Qd5 26.Bxf6 Rxf6 27.Rfe1 Nb4 28.Nb2 
Qd4+ 29.Kf1 Re8 30.Qf2 Re3 31.Red1 Rfe6 32.Rd2 g5 33.Rad1 Bd5 34.Nc4 Bxc4 
35.dxc4 Qxc4+ 36.Kg1 Nc6 37.Rd5 R3e5 38.Bf1 Qb3 39.R1d3 Qb1 40.Rd1 Qb3 41.
R1d3 1/2-1/2

[Event "14th Africa-ch"]
[Site "Livingstone ZAM"]
[Date "2018.05.15"]
[Round "4.10"]
[White "Chumfwa, Kelvin"]
[Black "Zhemba, Jemusse"]
[Result "1/2-1/2"]
[WhiteElo "2279"]
[BlackElo "2123"]
[EventDate "2018.05.13"]
[PlyCount "88"]

1.Nf3 Nf6 2.g3 d5 3.Bg2 Nc6 4.c4 d4 5.d3 e5 6.O-O Be7 7.b4 Nd7 8.b5 Ncb8 
9.Bb2 c5 10.e3 O-O 11.exd4 exd4 12.Nbd2 Re8 13.Nb3 Nf8 14.a4 Nbd7 15.a5 a6
16.b6 Ne6 17.Re1 Nf6 18.Bc1 h6 19.Bd2 Bd6 20.Ra2 Bd7 21.Ne5 Bxe5 22.Rxe5 
Qc8 23.f4 Bc6 24.Nxc5 Bxg2 25.Nxe6 Rxe6 26.Kxg2 Rxe5 27.fxe5 Ng4 28.Bf4 
Qf5 29.Qf3 Re8 30.Re2 g5 31.h3 Ne3+ 32.Bxe3 Qxe5 33.Qe4 dxe3 34.Qxe5 Rxe5 
35.Kf3 Rxa5 36.Rxe3 Kf8 37.g4 Rc5 38.Re2 Rc6 39.Rb2 Ke7 40.Ke4 Re6+ 41.Kd4
Kd6 42.c5+ Kc6 43.Kc4 Re1 44.Kd4 a5 1/2-1/2

[Event "14th Africa-ch"]
[Site "Livingstone ZAM"]
[Date "2018.05.15"]
[Round "4.11"]
[White "Beukes, Dante M."]
[Black "Nshikokola, Mutailenu"]
[Result "1-0"]
[WhiteElo "1979"]
[BlackElo "1896"]
[EventDate "2018.05.13"]
[PlyCount "93"]

1.e4 c6 2.d4 d5 3.Nc3 dxe4 4.Nxe4 Bf5 5.Ng3 Bg6 6.h4 h6 7.Nf3 Nd7 8.h5 Bh7
9.Bd3 Bxd3 10.Qxd3 e6 11.Bd2 Ngf6 12.O-O-O Qc7 13.Ne4 Nxe4 14.Qxe4 O-O-O 
15.Kb1 c5 16.Bf4 Bd6 17.Bxd6 Qxd6 18.Qe2 Qb6 19.Ne5 Rhf8 20.Nxd7 Rxd7 21.
dxc5 Qxc5 22.Rxd7 Kxd7 23.Rd1+ Ke7 24.Qf3 b5 25.Rd3 Qb6 26.Qg3 Rc8 27.Qf4 
Qc7 28.Qh4+ Ke8 29.Rc3 Qd8 30.Rxc8 Qxc8 31.Qd4 Qd7 32.Qg4 Qd2 33.b3 Qc3 
34.Qe4 b4 35.Qa8+ Ke7 36.Qxa7+ Kf6 37.Qe3 Qxe3 38.fxe3 Ke5 39.c3 bxc3 40.
a4 g5 41.a5 Kd5 42.Kc2 f5 43.Kxc3 Kd6 44.a6 Kc6 45.Kd4 f4 46.exf4 gxf4 47.
Ke5 1-0

[Event "14th Africa-ch"]
[Site "Livingstone ZAM"]
[Date "2018.05.15"]
[Round "4.12"]
[White "Hoareau, Benjamin"]
[Black "Kandangwe, Joster"]
[Result "0-1"]
[WhiteElo "1805"]
[BlackElo "1925"]
[EventDate "2018.05.13"]
[PlyCount "86"]

1.c4 Nf6 2.Nc3 g6 3.Nf3 c6 4.e4 d6 5.d4 Bg7 6.Be2 O-O 7.h3 Nbd7 8.Bf4 Qa5 
9.O-O e5 10.Bh2 Re8 11.d5 cxd5 12.cxd5 a6 13.a4 Qb4 14.Qc2 Nc5 15.Nd2 Bh6 
16.Nc4 Nb3 17.Ra3 Nd4 18.Qd3 Bd7 19.Na2 Qc5 20.b4 Qc7 21.Rc3 Qb8 22.Nb6 
Ra7 23.Kh1 Qd8 24.Nxd7 Qxd7 25.Bd1 b5 26.f3 Nh5 27.f4 Bg7 28.Bxh5 gxh5 29.
f5 f6 30.Bg1 bxa4 31.Rfc1 Bh6 32.Rf1 Qb5 33.Qd1 Rg7 34.Re1 a5 35.bxa5 Qb2 
36.g4 Qxa2 37.Bxd4 exd4 38.Qxd4 Bf4 39.Qg1 hxg4 40.Rf1 gxh3 41.Qf2 Qxf2 
42.Rxf2 Bg3 43.Rff3 Be5 0-1

[Event "14th Africa-ch"]
[Site "Livingstone ZAM"]
[Date "2018.05.15"]
[Round "4.13"]
[White "Chiona, Richard"]
[Black "Pillay, Ragul"]
[Result "1-0"]
[WhiteElo "1900"]
[BlackElo "1366"]
[EventDate "2018.05.13"]
[PlyCount "85"]

1.d4 c5 2.e3 cxd4 3.exd4 Nf6 4.Nf3 d5 5.Bd3 Nc6 6.h3 Qb6 7.c3 e6 8.O-O Bd6
9.Re1 O-O 10.b3 Nd7 11.Ba3 Qc7 12.Bxd6 Qxd6 13.Nbd2 e5 14.dxe5 Ndxe5 15.
Nxe5 Nxe5 16.Bxh7+ Kh8 17.Qh5 Qh6 18.Qxh6 gxh6 19.Rxe5 Kxh7 20.Rxd5 Rg8 
21.Ne4 Be6 22.Nf6+ Kg7 23.Nxg8 Bxd5 24.Ne7 Be6 25.c4 Rd8 26.Nd5 Bxd5 27.
Rd1 Kf6 28.cxd5 Rd7 29.d6 Ke6 30.g4 Rxd6 31.Rxd6+ Kxd6 32.f4 Kd5 33.Kf2 
Ke4 34.Kg3 f5 35.h4 b5 36.b4 a6 37.g5 hxg5 38.hxg5 Kd5 39.Kf3 Ke6 40.Ke3 
Kd5 41.Kd3 Kd6 42.Kd4 Ke6 43.Kc5 1-0

[Event "14th Africa-ch"]
[Site "Livingstone ZAM"]
[Date "2018.05.15"]
[Round "4.14"]
[White "Eichab, Charles"]
[Black "Aderito, Pedro"]
[Result "0-1"]
[WhiteElo "2029"]
[BlackElo "2305"]
[EventDate "2018.05.13"]
[PlyCount "58"]

1.b3 d5 2.Bb2 c5 3.e3 a6 4.Nf3 Nc6 5.d4 cxd4 6.Nxd4 Nf6 7.Be2 Qa5+ 8.Qd2 
Qc7 9.Nxc6 bxc6 10.c4 e6 11.O-O Be7 12.Nc3 O-O 13.Rfc1 Qb8 14.Rd1 Rd8 15.
Qc2 e5 16.Rac1 d4 17.Na4 c5 18.f4 Bb7 19.fxe5 Qxe5 20.exd4 Qe3+ 21.Kf1 
Qf4+ 22.Bf3 Ng4 23.Qd2 Nxh2+ 24.Kg1 Nxf3+ 25.gxf3 Qxf3 26.d5 Rd6 27.Qf2 
Rg6+ 28.Kf1 Qh3+ 29.Ke1 Bh4 0-1

[Event "14th Africa-ch"]
[Site "Livingstone ZAM"]
[Date "2018.05.15"]
[Round "4.15"]
[White "Kolomwe, William"]
[Black "Manuel, Alberto"]
[Result "0-1"]
[WhiteElo "1538"]
[BlackElo "2133"]
[EventDate "2018.05.13"]
[PlyCount "61"]

1.e4 c5 2.Nf3 d6 3.c3 Nf6 4.Be2 e6 5.O-O Nbd7 6.d3 Be7 7.h3 O-O 8.Be3 a6 
9.Nbd2 b5 10.Qc2 Bb7 11.Rad1 Qc7 12.Bf4 Rfc8 13.c4 Qc6 14.Rfe1 Nf8 15.Bf1 
Ng6 16.Bxd6 Bxd6 17.e5 Be7 18.exf6 gxf6 19.Ne4 f5 20.Ng3 Bf6 21.Qd2 Qc7 
22.Nh5 Bh8 23.Be2 Qd8 24.Qh6 Qf8 25.Qc1 h6 26.b3 Kh7 27.Nh2 Qe7 28.Bf3 Nh4
29.Qf4 Rg8 30.g3 Ng6 31.Qd2 0-1

[Event "14th Africa-ch"]
[Site "Livingstone ZAM"]
[Date "2018.05.16"]
[Round "5.1"]
[White "Hesham, Abdelrahman"]
[Black "Amin, Bassem"]
[Result "0-1"]
[WhiteElo "2413"]
[BlackElo "2667"]
[EventDate "2018.05.13"]
[PlyCount "134"]

1.d4 Nf6 2.c4 g6 3.Nc3 Bg7 4.e4 d6 5.f3 O-O 6.Be3 c5 7.Nge2 Nc6 8.d5 Ne5 
9.Ng3 e6 10.Be2 exd5 11.cxd5 a6 12.a4 Bd7 13.h3 b5 14.O-O Nc4 15.Bxc4 bxc4
16.Qd2 Qe7 17.Bh6 Bxh6 18.Qxh6 Rab8 19.Rf2 Rb3 20.f4 Kh8 21.Qg5 Ng8 22.
Qxe7 Nxe7 23.e5 Nxd5 24.Nxd5 Rxg3 25.Nb6 Be6 26.exd6 Rd3 27.d7 Rb8 28.a5 
Bxd7 29.Nxc4 Be6 30.Nb6 Rb3 31.Kh2 h5 32.Re1 Rb4 33.Ra1 Rd8 34.Ra4 Kg7 35.
Kg3 Rd3+ 36.Kh4 Rbb3 37.Ra3 Rxa3 38.bxa3 Rxa3 39.g4 f6 40.Rc2 hxg4 41.hxg4
Rxa5 42.Rd2 Ra1 43.Rd6 Kf7 44.Rc6 Rh1+ 45.Kg3 Rg1+ 46.Kf2 Rxg4 47.Rc7+ Ke8
48.Kf3 g5 49.fxg5 Rxg5 50.Na4 c4 51.Nc5 Bd5+ 52.Kf4 a5 53.Na4 Bg8 54.Nc5 
Kd8 55.Rc6 Rh5 56.Kg4 Re5 57.Kf4 Ke7 58.Na4 Be6 59.Nb6 Rb5 60.Ke3 Bd5 61.
Nxd5+ Rxd5 62.Rxc4 Kd6 63.Rc8 f5 64.Kf4 Rc5 65.Ra8 Kc6 66.Rb8 a4 67.Kg5 
Ra5 0-1

[Event "14th Africa-ch"]
[Site "Livingstone ZAM"]
[Date "2018.05.16"]
[Round "5.2"]
[White "Adly, Ahmed"]
[Black "Paiva, Donaldo"]
[Result "1-0"]
[WhiteElo "2633"]
[BlackElo "2225"]
[EventDate "2018.05.13"]
[PlyCount "65"]

1.d4 Nf6 2.Nf3 g6 3.c4 Bg7 4.g3 O-O 5.Bg2 d6 6.O-O c6 7.Nc3 Qa5 8.Qc2 e5 
9.dxe5 dxe5 10.h3 Nbd7 11.Rb1 Re8 12.e4 Nf8 13.b4 Qc7 14.Be3 Ne6 15.Rfd1 
Nd7 16.Bf1 a5 17.a3 h5 18.c5 axb4 19.axb4 Bf6 20.Bc4 Ndf8 21.h4 Nd8 22.Ng5
Be6 23.Be2 Nh7 24.Nxh7 Kxh7 25.Na4 Be7 26.Nb6 Ra2 27.Rb2 Rxb2 28.Qxb2 f6 
29.Qc2 Bf8 30.Bc4 Re7 31.Rd6 Bg7 32.Qd2 Bxc4 33.Rxd8 1-0

[Event "14th Africa-ch"]
[Site "Livingstone ZAM"]
[Date "2018.05.16"]
[Round "5.3"]
[White "Kayonde, Andrew"]
[Black "Fawzy, Adham"]
[Result "1-0"]
[WhiteElo "2394"]
[BlackElo "2438"]
[EventDate "2018.05.13"]
[PlyCount "63"]

1.d4 Nf6 2.c4 e6 3.Nc3 Bb4 4.e3 O-O 5.Ne2 d5 6.a3 Bd6 7.Ng3 c6 8.Be2 e5 9.
O-O exd4 10.exd4 dxc4 11.Bxc4 Nbd7 12.Ba2 Nb6 13.Bg5 Be7 14.Re1 h6 15.Bf4 
Nbd5 16.Nxd5 cxd5 17.Qd3 Be6 18.Nf5 Bxf5 19.Qxf5 Re8 20.Bb3 Qa5 21.Re3 Bf8
22.Be5 Qd2 23.Rd1 Qxb2 24.Rg3 Re6 25.Bxf6 Rxf6 26.Qxf6 Qxb3 27.Rxb3 gxf6 
28.Rxb7 a5 29.a4 Rd8 30.Rc1 f5 31.Kf1 Re8 32.Rb5 1-0

[Event "14th Africa-ch"]
[Site "Livingstone ZAM"]
[Date "2018.05.16"]
[Round "5.4"]
[White "El-Gindy, Essam"]
[Black "Mabusela, Johannes Manyesi"]
[Result "1-0"]
[WhiteElo "2453"]
[BlackElo "2260"]
[EventDate "2018.05.13"]
[PlyCount "41"]

1.d4 Nf6 2.c4 e6 3.Nf3 b6 4.g3 Ba6 5.Qb3 d5 6.cxd5 Qxd5 7.Qc2 c5 8.Nc3 Qd8
9.Bg2 Bb7 10.O-O Nbd7 11.Rd1 Qc8 12.Bg5 Be7 13.Rac1 O-O 14.e4 h6 15.Bf4 
cxd4 16.Nxd4 Nh5 17.Be3 Ne5 18.Qe2 Nf6 19.Nd5 Qe8 20.Nc7 Qa4 21.b3 1-0

[Event "14th Africa-ch"]
[Site "Livingstone ZAM"]
[Date "2018.05.16"]
[Round "5.5"]
[White "Chitumbo, Mwali"]
[Black "Talbi, Chafik"]
[Result "1-0"]
[WhiteElo "2322"]
[BlackElo "2263"]
[EventDate "2018.05.13"]
[PlyCount "73"]

1.c4 e6 2.g3 d5 3.Bg2 Nf6 4.Nf3 Be7 5.O-O O-O 6.b3 c5 7.e3 Nc6 8.Bb2 b6 9.
Nc3 Ba6 10.Qe2 Rc8 11.Rfd1 Re8 12.d3 Qd7 13.Rac1 Bf8 14.Bh3 Rcd8 15.Nb5 
Bxb5 16.cxb5 Na5 17.d4 c4 18.Bc3 Qxb5 19.Bxa5 Qxa5 20.bxc4 Ne4 21.cxd5 
Rxd5 22.Qc2 Nd6 23.e4 Rh5 24.Bg4 Rb5 25.e5 Nc8 26.Ng5 g6 27.Qc6 Rd8 28.
Nxf7 Kxf7 29.Qxe6+ Kg7 30.Qf6+ Kh6 31.Qxd8 Be7 32.Qxc8 Qxa2 33.Qe8 Rb2 34.
Qxe7 Rxf2 35.Qh4+ Kg7 36.Rc7+ Kg8 37.Qxh7+ 1-0

[Event "14th Africa-ch"]
[Site "Livingstone ZAM"]
[Date "2018.05.16"]
[Round "5.6"]
[White "Simutowe, Musatwe"]
[Black "Phiri, Richmond"]
[Result "1/2-1/2"]
[WhiteElo "2201"]
[BlackElo "2317"]
[EventDate "2018.05.13"]
[PlyCount "60"]

1.d4 Nf6 2.Nf3 c5 3.e3 d5 4.c3 Nc6 5.Nbd2 e6 6.Be2 Bd6 7.dxc5 Bxc5 8.b4 
Bd6 9.Bb2 O-O 10.a3 e5 11.c4 e4 12.Nd4 Ne5 13.h3 dxc4 14.Nxc4 Nxc4 15.Bxc4
Qe7 16.Qb3 a5 17.Nb5 Be5 18.O-O Bd7 19.Rfd1 Bxb5 20.Bxb5 Bxb2 21.Qxb2 axb4
22.Qxb4 Qxb4 23.axb4 Rxa1 24.Rxa1 Nd5 25.Bc4 Nxb4 26.Rb1 Nc6 27.Rxb7 Na5 
28.Rc7 Nxc4 29.Rxc4 Re8 30.Kh2 g5 1/2-1/2

[Event "14th Africa-ch"]
[Site "Livingstone ZAM"]
[Date "2018.05.16"]
[Round "5.7"]
[White "Oussedik, Mahfoud"]
[Black "Dimba, James"]
[Result "0-1"]
[WhiteElo "2327"]
[BlackElo "2044"]
[EventDate "2018.05.13"]
[PlyCount "62"]

1.d4 Nf6 2.c4 g6 3.Nc3 Bg7 4.e4 d6 5.Nge2 Nbd7 6.h4 c5 7.d5 a6 8.Ng3 h5 9.
Bg5 Rb8 10.Be2 Nh7 11.Be3 b5 12.cxb5 axb5 13.Qd2 b4 14.Nd1 Nhf6 15.f4 Qa5 
16.Nf2 Ba6 17.O-O Bxe2 18.Qxe2 Qb5 19.Qf3 Ng4 20.Nxg4 hxg4 21.Qxg4 Qd3 22.
Rae1 Bd4 23.Bxd4 Qxd4+ 24.Rf2 Ra8 25.Rd1 Qe3 26.Nf1 Qxe4 27.Re2 Nf6 28.
Rxe4 Nxg4 29.Rde1 Ra7 30.g3 Nf6 31.R4e2 Nh5 0-1